| 000 | 00737nam a2200253 a 4500 | ||
|---|---|---|---|
| 008 | |||
| 020 | _a0380876353 (pbk.) | ||
| 090 |
_aRG571 _bHOT |
||
| 100 | 1 | _aHotchner, Tracy. | |
| 245 | 1 | 0 |
_aPregnancy and childbirth : _bthe complete guide for a new life / _cTracy Hotchner |
| 260 |
_aNew York. : _bAvon Books, _c1979 |
||
| 300 |
_axxvii, 702 p. : _bill. ; _c20 cm. |
||
| 500 | _aIncludes index. | ||
| 500 | _aIncludes bibliographical references. | ||
| 650 | 1 | _aPregnancy. | |
| 650 | _aChild birth. | ||
| 700 | _aBlanchard, Karen | ||
| 907 |
_a.b10271740 _b10-05-13 _c18-11-09 |
||
| 003 | |||
| 005 | 20230123114500.0 | ||
| 040 | _cNUST | ||
| 049 | _aMAIN | ||
| 942 |
_cBOOKS _kRG571 _mHOT |
||
| 999 |
_c122239 _d122239 |
||